| 000 | 01685cam a2200409 a 4500 | ||
|---|---|---|---|
| 001 | 768714001 | ||
| 003 | CO-MdFUSB | ||
| 005 | 20240820111206.0 | ||
| 007 | ta | ||
| 008 | 930708t19859999gw b 000 0 ger | ||
| 010 | _a 93175500 | ||
| 020 | _a3525516711 | ||
| 020 | _a3525516754 | ||
| 040 |
_aDLC _cCO-MdFUSB _dDLC _bspa _erda |
||
| 041 | _ager | ||
| 082 | 0 | 0 |
_a221.95 _220 _bA334 |
| 100 | 1 |
_aAlbertz, Rainer, _d1943- _eautor |
|
| 245 | 1 | 0 |
_aReligionsgeschichte Israels in alttestamentlicher Zeit / _cvon Rainer Albertz. |
| 264 | 1 |
_aGöttingen : _bVandenhoeck y Ruprecht, _c[1985] |
|
| 264 | 4 | _c© 1985 | |
| 300 |
_a373 páginas _c25 cm. |
||
| 336 |
_2rdacontent _atexto _btxt |
||
| 337 |
_2rdamedia _asin mediación _bn |
||
| 338 |
_2rdacarrier _avolumen _bnc |
||
| 490 | 1 | _aGrundrisse zum Alten Testament, 8; | |
| 500 | _aEn biblioteca se encuentra el libro en español e inglés | ||
| 504 | _aIncluye referencias bibliográficas | ||
| 505 | 1 |
_gVol. I: _tDesde los comienzos hasta el final de la monarquía: Introducción. _aHistoria de la religión en la época pre-monárquica. -- Historia de la religión en la época monárquica. _gVol II: _tDesde el exilio hasta la época de los Macabeos: _aHistoria de la religión en la época del destierro. -- Historia de la religión en la época postexílica. -- Perspectiva de la historia de la religión en el periodo helenístico. |
|
| 563 | _aRústico | ||
| 630 | 0 | 7 |
_aBiblia. _pAntiguo Testamento _xTheology. |
| 650 | 7 |
_aJudaísmo _xHistoria _96884 |
|
| 830 |
_aGrundrisse zum Alten Testament, 8; _v8/1 - 8/2 |
||
| 942 | _cBK | ||
| 945 | _aJTF- 925 | ||
| 999 |
_c65810 _d65810 |
||